Najwyższe szczyty polskich pasm górskich - Statystyki

Ogólne statystyki
  • Ten quiz został rozwiązany 32 razy
  • Średni wynik to 8 z 15
Statystyki odpowiedzi
Pasmo Górskie Najwyższy szczyt % Poprawnych
Karkonosze Śnieżka (1603)
100%
Masyw Ślęży Ślęża (718)
82%
Masyw Śnieżnika Śnieżnik (1425)
82%
Bieszczady Tarnica (1346)
77%
Łysogóry Łysica (614)
73%
Beskid Żywiecki Babia Góra (1725)
55%
Gorce Turbacz (1310)
55%
Beskid Śląski Skrzyczne (1257)
50%
Góry Stołowe Szczeliniec Wielki (919)
50%
Pieniny Wysoka (1050)
45%
Beskid Sądecki Radziejowa (1266)
41%
Góry Opawskie Biskupia Kopa (890)
36%
Beskid Niski Lackowa (997)
36%
Góry Izerskie Wysoka Kopa (1126)
36%
Tatry Zachodnie Bystra (2248)
27%
Nie znaleziono quizów pasujących do podanych kryteriów
Rozkład punktacji
Procent ludzi z każdym wynikiem
Percentyl według liczby udzielonych odpowiedzi
Twoja historia wyników
Nie rozwiązałeś tego quizu